[Event "Velammal 45th National A ch-IND"]
[Site "Chennai IND"]
[Date "2008.02.09"]
[Round "7"]
[White "Suvrajit,S"]
[Black "Negi,P"]
[Result "1/2-1/2"]
[WhiteElo "2363"]
[BlackElo "2526"]

1.d4 Nf6 2.Nf3 e6 3.e3 c5 4.Bd3 d5 5.b3 Nc6 6.Bb2 b6 7.O-O Bb7 8.Nbd2 Bd6
9.a3 O-O 10.c4 Rc8 11.Re1 cxd4 12.exd4 Ne7 13.Ne5 dxc4 14.Ndxc4 Ned5 15.Nxd6 Qxd6
16.Qd2 Rfd8 17.Rad1 Ne7 18.Re3 Nf5 19.Bxf5 exf5 20.Nc4 Qd7 21.Rde1 b5 22.Ne5 Qd6
23.Qd3 Qd5 24.f3 g6 25.Qd2 Re8 26.Rc1 Rxc1+ 27.Qxc1 Qd8 28.Nd3 Bd5 29.Nc5 Nh5
30.Qe1 Rf8 31.Re7 Nf4 32.Qe5 f6 33.Qe3 Bc6 34.Rxa7 Qd6 35.Qe7 Qxe7 36.Rxe7 Re8
37.Rxe8+ Bxe8 38.Kf2 Kf7 39.g3 Ne6 40.Nd3 Ke7 41.d5 Nc7 42.d6+ Kxd6 43.Bxf6 Ne6
44.Ke3 Kd5 45.Be7 Nc7 46.Bf8 Bf7 47.h4 Bg8 48.g4 fxg4 49.fxg4 Kc6 50.Nc1 h5
51.g5 Ne6 52.Bb4 Ng7 53.Ke4 Nf5 54.Be1 Kd6 55.a4 Bd5+ 56.Kf4 Nd4 57.Bb4+ Ke6
58.axb5 Nxb5 59.Bc5 Nc3 60.b4 Bc6 61.Nb3 Nd5+ 62.Kg3 Ke5 63.Nd4 Nxb4  1/2-1/2

[Event "Velammal 45th National A ch-IND"]
[Site "Chennai IND"]
[Date "2008.02.10"]
[Round "8"]
[White "Negi,P"]
[Black "Saptarshi,R"]
[Result "1/2-1/2"]
[WhiteElo "2526"]
[BlackElo "2404"]

1.e4 e5 2.Nf3 Nc6 3.Bb5 a6 4.Ba4 Nf6 5.O-O Be7 6.Re1 b5 7.Bb3 d6 8.c3 Bg4
9.d3 O-O 10.h3 Bh5 11.Nbd2 d5 12.Qe2 dxe4 13.dxe4 Bg6 14.a4 Rb8 15.axb5 axb5
16.Ra6 Qd7 17.c4 Nd4 18.Nxd4 Qxd4 19.cxb5 Bb4 20.Ra4 Rfd8 21.Bc4 Qd6 22.Bd5 Qc5
23.Bc4 Qe7 24.Rd1 Rd4 25.Nf3 Rxd1+ 26.Qxd1 Nxe4 27.Qd5 Bd6 28.Ra8 Rxa8 29.Qxa8+ Qf8
30.Qxf8+ Kxf8 31.Be3 f6 32.b6 cxb6 33.Bxb6 Bc5 34.Bxc5+ Nxc5 35.Nd2 Na4 36.b3 Nb6
37.Be6 Ke7 38.Bg8 Kd6 39.Kf1 Bd3+ 40.Ke1 Kc5 41.Nf3 Kb4 42.Kd2 Be4 43.Ke3 Bd5
44.Bxh7 Bxb3 45.g3  1/2-1/2

[Event "Velammal 45th National A ch-IND"]
[Site "Chennai IND"]
[Date "2008.02.11"]
[Round "9"]
[White "Roktim,B"]
[Black "Negi,P"]
[Result "1/2-1/2"]
[WhiteElo "2373"]
[BlackElo "2526"]

1.d4 d5 2.Nf3 Nf6 3.Bf4 g6 4.e3 Bg7 5.h3 O-O 6.Nbd2 c5 7.c3 Nfd7 8.Be2 Nc6
9.O-O b6 10.Bb5 Bb7 11.b4 a6 12.Bxc6 Bxc6 13.a4 e6 14.Bd6 Re8 15.Nb3 c4 16.Nbd2 f6
17.Qe2 e5 18.dxe5 fxe5 19.b5 axb5 20.axb5 Bxb5 21.e4 Qf6 22.Bb4 d4 23.Qd1 Qc6
24.Rc1 Nc5 25.cxd4 Nd3 26.d5 Qc7 27.Rb1 Ba4 28.Qe2 Bc2 29.Rfc1 Bxb1 30.Rxc4 Nf4
31.Qd1 Qa7 32.Qxb1 Qa1 33.Qxa1 Rxa1+ 34.Kh2 Nd3 35.Bd6 Nxf2 36.Bc7 b5 37.Rc2 Kf7
38.Ng5+ Kf6 39.Ndf3 Nd3 40.Nxh7+ Ke7 41.Rc6 Rc8 42.Rxg6 Bh8 43.Rb6 Kd7 44.Bb8 Rc2
45.Nf8+ Ke8 46.Bd6 Nf4 47.Rb8+ Kf7 48.Ng5+ Kf6 49.Ngh7+ Kf7 50.Ng5+ Kf6  1/2-1/2

[Event "Velammal 45th National A ch-IND"]
[Site "Chennai IND"]
[Date "2008.02.12"]
[Round "10"]
[White "Negi,P"]
[Black "Sethuraman,S"]
[Result "1/2-1/2"]
[WhiteElo "2526"]
[BlackElo "2424"]

1.e4 e5 2.Nf3 Nc6 3.Bb5 a6 4.Ba4 Nf6 5.O-O Be7 6.Re1 b5 7.Bb3 d6 8.c3 O-O
9.d4 Bg4 10.d5 Na5 11.Bc2 Qc8 12.Nbd2 c6 13.b4 Nb7 14.dxc6 Qxc6 15.Bb2 Bd8
16.Bd3 Bb6 17.c4 Nd8 18.h3 Bxf3 19.Qxf3 Ne6 20.Rac1 Bd4 21.Bxd4 Nxd4 22.Qe3 Qb7
23.a3 a5 24.bxa5 Rxa5 25.cxb5 Rxa3 26.Nc4 Ra2 27.Nxd6 Qd7 28.Nf5 Nxf5 29.exf5 Ra3
30.Red1 e4 31.Bf1 Rxe3 32.Rxd7 Rxh3 33.Re7 Rb3 34.Rxf7 Kxf7 35.Bc4+ Ke7 36.Bxb3 Rb8
37.Ba4 Kd6 38.g3 Ke5 39.Rc5+ Kd4 40.Rc7 Ra8 41.Bc2 Rb8 42.Ba4 Ra8 43.Bc2 Rb8
44.Rxg7 Rxb5 45.g4 h6 46.Ba4 Ra5 47.Bb3 e3 48.fxe3+ Kxe3 49.Rg6 Nxg4 50.Rxg4 Rxf5
51.Rh4 Rf6 52.Rh3+ Kd4 53.Bd1 Ke4 54.Kg2 Kd4 55.Bf3 Ke3 56.Bc6+ Kd4 57.Bb7 Rb6
58.Bf3 Ke3 59.Kg3 Rf6 60.Bg4 Ke4 61.Rh1 Kd4 62.Re1 Kd5 63.Bc8 Kd4 64.Kg4 Kd5
65.Bf5 Rb6 66.Kf4 Rd6 67.Be4+ Kd4 68.Rh1 Rf6+ 69.Bf5 Rd6 70.Ra1 Kd5 71.Be4+ Kd4
72.Ra4+ Kc5 73.Ke5 Rd8 74.Ra5+ Kc4 75.Bd5+ Kb4 76.Ra1 Kc3 77.Ra3+ Kb4 78.Rb3+ Kc5
79.Rc3+ Kb6 80.Kd4 Rf8 81.Rb3+ Kc7 82.Kc5 Rf1 83.Rb7+ Kc8 84.Rg7 Rf6 85.Bc6 Rf1
86.Bd7+ Kd8 87.Be6 Rc1+ 88.Kd6 Rd1+ 89.Bd5 Re1 90.Rh7 Re2 91.Rxh6 Re1 92.Rh8+ Re8
93.Rh7 Re1 94.Rd7+ Ke8 95.Ra7 Kf8 96.Rf7+ Ke8 97.Rf3 Kd8 98.Rg3 Re2 99.Rg8+ Re8
100.Rg7 Re1 101.Ra7 Rc1 102.Rd7+ Ke8 103.Rg7 Rf1 104.Rg2 Rf4 105.Rg3 Rf1
106.Ra3 Kf8 107.Rg3 Ke8 108.Rg8+ Rf8 109.Rg7 Rf1 110.Rb7 Kf8 111.Rb8+ Kg7
112.Rg8+ Kh6 113.Rg2 Re1 114.Be6 Kh5 115.Ke7 Rf1 116.Bd5 Kh4 117.Rg8 Rf2
118.Ke6 Rf4 119.Ke5 Rg4 120.Rh8+ Kg3 121.Be4 Rg7 122.Kd4 Kf4 123.Rf8+ Kg5
124.Rf5+ Kg4 125.Rf1 Kg5 126.Bd5 Re7 127.Be4 Ra7 128.Ke3 Ra3+ 129.Bd3 Ra5
130.Rg1+ Kf6 131.Kf4 Ke7 132.Be4 Rb5 133.Rg6 Ra5 134.Bc6 Rc5 135.Ke4 Rh5
136.Bd5 Rh4+ 137.Ke5 Rh5+ 138.Kd4 Rh2 139.Kc5 Rc2+ 140.Bc4 Rd2 141.Re6+ Kf8
142.Bd5 Kg7 143.Kd6 Rf2  1/2-1/2

[Event "Velammal 45th National A ch-IND"]
[Site "Chennai IND"]
[Date "2008.02.14"]
[Round "12"]
[White "Negi,P"]
[Black "Babu,NS"]
[Result "1-0"]
[WhiteElo "2526"]
[BlackElo "2333"]

1.e4 e5 2.Nf3 Nc6 3.Bb5 a6 4.Ba4 Nf6 5.O-O Be7 6.Re1 b5 7.Bb3 d6 8.c3 O-O
9.h3 Bb7 10.d4 Re8 11.Nbd2 Bf8 12.d5 Nb8 13.Nf1 Nbd7 14.Ng3 Nc5 15.Bc2 c6
16.b4 Ncd7 17.dxc6 Bxc6 18.Bb3 Nb6 19.Nh2 h6 20.Ng4 Bd7 21.Qf3 Be6 22.Nxf6+ Qxf6
23.Qxf6 gxf6 24.Nh5 Nd7 25.Re3 Kh7 26.Rf3 Rec8 27.Bd2 Kg6 28.Rg3+ Kh7 29.Bd1 f5
30.exf5 Bxf5 31.Bf3 Bg6 32.a4 d5 33.Bxd5 bxa4 34.Bxa8 Rxa8 35.Rxg6 Kxg6 36.Ng3 Nb6
37.Be3 Nd5 38.Ne2 Kf5 39.Rxa4 Ke4 40.Ra5 Rd8 41.Rxa6 Nxe3 42.Ng3+ Kd3 43.fxe3 Kxe3
44.Rf6 e4 45.Rxf7 Kd3 46.Kf2 Bd6 47.Ne2 Ra8 48.Rf5 Rf8 49.g4 Be7 50.Rxf8 Bxf8
51.h4 Be7 52.g5 hxg5 53.h5 Bf8 54.b5 e3+ 55.Kf1 Ke4 56.b6 Ke5 57.Nd4 Kf6
58.Nb5  1-0

[Event "10th Open"]
[Site "Dubai UAE"]
[Date "2008.04.06"]
[Round "1"]
[White "Molina,Ant"]
[Black "Negi,P"]
[Result "0-1"]
[WhiteElo "2150"]
[BlackElo "2514"]

1.d4 Nf6 2.c4 g6 3.Nc3 d5 4.Nf3 Bg7 5.Qb3 dxc4 6.Qxc4 O-O 7.e4 a6 8.e5 Nfd7
9.e6 fxe6 10.Be3 Nb6 11.Qb3 Nc6 12.Rd1 Nd5 13.h4 Qd6 14.Bc1 Rxf3 15.gxf3 Nxd4
16.Rxd4 Bxd4 17.Ne4 Qb4+ 18.Qxb4 Nxb4 19.a3 Nd5 20.h5 e5 21.hxg6 hxg6 22.Bc4 c6
23.b4 b5 24.Bb3 a5 25.bxa5 Rxa5 26.Kf1 Be6 27.Ng5 Bf5 28.Kg2 e6 29.Re1 c5
30.Ne4 c4 31.Bd1 Ra6 32.Kg3 Kg7 33.Kg2 Nf4+  0-1

[Event "10th Open"]
[Site "Dubai UAE"]
[Date "2008.04.07"]
[Round "2"]
[White "Negi,P"]
[Black "Othman,A"]
[Result "0-1"]
[WhiteElo "2514"]
[BlackElo "2335"]

1.e4 d6 2.d4 Nf6 3.Nc3 g6 4.Be3 c6 5.Qd2 Bg7 6.f3 Nbd7 7.Nge2 e5 8.O-O-O Qa5
9.Kb1 O-O 10.g4 b5 11.Ng3 exd4 12.Bxd4 Ne5 13.Bxe5 dxe5 14.g5 b4 15.Nce2 Be6
16.Nc1 Rfd8 17.Qe1 Rxd1 18.Qxd1 Rd8 19.Qe1 Nd7 20.h4 Qb6 21.h5 a5 22.hxg6 hxg6
23.Bd3 Nc5 24.Qf2 Na4 25.Qxb6 Nxb6 26.Nb3 Bxb3 27.axb3 Bf8 28.Nf1 Be7 29.Rg1 Kg7
30.Ne3 Bc5 31.Re1 Bxe3 32.Rxe3 Nd7 33.Bc4 Nf8 34.Re1 Nh7 35.Rg1 Rd2 36.Kc1 Rf2
37.Rg3 Rh2 38.Rg1 Rh5 39.Kd2 Nxg5 40.Ke3 Kf6 41.Ra1 Rh3 42.Be2 Ne6 43.Rxa5 g5
44.Kf2 Rh2+ 45.Kf1 Nd4 46.Bc4 Nxf3 47.Ra7 g4 48.Rxf7+ Kg5 49.Be2 Nd2+ 50.Ke1 Nxe4
51.Rg7+ Kf4 52.Rxg4+ Ke3 53.Bf1 Rxc2 54.Kd1 Rxb2 55.Kc1 Rxb3  0-1

[Event "10th Open"]
[Site "Dubai UAE"]
[Date "2008.04.09"]
[Round "4"]
[White "Negi,P"]
[Black "Arvind,C"]
[Result "1-0"]
[WhiteElo "2514"]
[BlackElo "2292"]

1.e4 c5 2.Nf3 d6 3.d4 cxd4 4.Nxd4 Nf6 5.Nc3 Nc6 6.Bg5 Bd7 7.Be2 Qa5 8.Bxf6 gxf6
9.O-O Nxd4 10.Qxd4 Rc8 11.a4 Qc5 12.Qd2 a6 13.Bd3 e6 14.Kh1 h5 15.f4 h4 16.h3 Rg8
17.Qe1 Bc6 18.f5 Qe5 19.Qxh4 d5 20.fxe6 Bd6 21.exf7+ Kxf7 22.Rxf6+ Qxf6 23.Rf1 Qxf1+
24.Bxf1 Bf8  1-0

[Event "10th Open"]
[Site "Dubai UAE"]
[Date "2008.04.10"]
[Round "5"]
[White "Frhat,A"]
[Black "Negi,P"]
[Result "1-0"]
[WhiteElo "2393"]
[BlackElo "2514"]

1.d4 d5 2.Nf3 Nf6 3.c4 e6 4.Nc3 Be7 5.Bg5 h6 6.Bh4 O-O 7.e3 b6 8.Bd3 Bb7
9.O-O Nbd7 10.cxd5 exd5 11.Qe2 a6 12.Rac1 Ne4 13.Bxe7 Qxe7 14.Rfd1 f5 15.a3 c5
16.dxc5 bxc5 17.Bb1 Ndf6 18.Nh4 Qe6 19.Ng6 Rfe8 20.Nf4 Qe5 21.Nd3 Qe7 22.Nxe4 Nxe4
23.f3 c4 24.fxe4 cxd3 25.Bxd3 dxe4 26.Bc4+ Kh8 27.a4 a5 28.Rd4 Qe5 29.g3 Rad8
30.Rcd1 Qf6 31.Qh5 Rc8 32.b3 Rf8 33.Rd7 Bc6 34.R7d6 Qe7 35.Re6 Qa7 36.Rd4 Ba8
37.Ra6 Qe7 38.Rdd6 Rc7 39.Rxh6+ gxh6 40.Qxh6+  1-0

[Event "10th Open"]
[Site "Dubai UAE"]
[Date "2008.04.12"]
[Round "6"]
[White "Negi,P"]
[Black "Wu Xibin"]
[Result "1-0"]
[WhiteElo "2514"]
[BlackElo "2351"]

1.e4 e5 2.Nf3 Nf6 3.Nxe5 d6 4.Nf3 Nxe4 5.Nc3 Nxc3 6.dxc3 Be7 7.Bf4 Nc6 8.Qd2 Bg4
9.Be2 Qd7 10.O-O-O a6 11.h3 Be6 12.Rhe1 O-O-O 13.Ng5 Bxg5 14.Bxg5 f6 15.Be3 Qf7
16.b3 Kb8 17.c4 d5 18.c5 d4 19.Bf4 Bd5 20.Bf1 Qf8 21.c4 Qxc5 22.b4 Nxb4 23.Qxd4 Qxd4
24.Rxd4 Bxg2 25.Rxd8+ Rxd8 26.Re7 Bxf1 27.Bxc7+ Kc8 28.Bxd8 Kxd8 29.Rxb7 Nxa2+
30.Kb2 Bxc4 31.Rxg7 h5 32.Rh7 Be6 33.Rxh5 Nb4 34.Kc3 Nc6 35.h4 Ke7 36.Rh7+ Bf7
37.h5 f5 38.Rh8 Ne5 39.f4 Ng4 40.h6 Kf6 41.h7 Kg7 42.Rf8 Kxf8 43.h8=Q+ Ke7
44.Qc8 Be6 45.Qxa6 Bd5 46.Qa7+ Ke6 47.Qb6+ Ke7 48.Qc7+ Ke6 49.Qc8+ Kf6 50.Qd8+ Ke6
51.Qg8+ Kd6 52.Qg6+ Be6 53.Kd4 Nf2 54.Qg7 Ng4 55.Qf8+ Kc6 56.Qa8+ Kd6 57.Qf8+ Kc6
58.Qe7 Bd7 59.Qc5+ Kb7 60.Qd6 Kc8 61.Kc5 Kd8 62.Qf8+ Kc7 63.Qa8 Bc8 64.Qc6+ Kd8
65.Kd6  1-0

[Event "10th Open"]
[Site "Dubai UAE"]
[Date "2008.04.12"]
[Round "7"]
[White "Mas,H"]
[Black "Negi,P"]
[Result "1/2-1/2"]
[WhiteElo "2396"]
[BlackElo "2514"]

1.e4 e5 2.Bc4 Nf6 3.d3 Nc6 4.Nc3 Na5 5.Qf3 d6 6.h3 Nxc4 7.dxc4 Be6 8.b3 g6
9.Bg5 Bg7 10.Nb5 Ke7 11.Rd1 a6 12.Nc3 h6 13.Bxf6+ Bxf6 14.c5 Qc8 15.Nd5+ Bxd5
16.Rxd5 dxc5 17.Rxc5 c6 18.Qc3 Re8 19.Nf3 Kf8 20.O-O Qe6 21.Qd2 Kg7 22.Rc3 Rad8
23.Qc1 Rd6 24.Rd1 Red8 25.Rcd3  1/2-1/2

[Event "10th Open"]
[Site "Dubai UAE"]
[Date "2008.04.13"]
[Round "8"]
[White "Negi,P"]
[Black "Bajarani,I"]
[Result "1-0"]
[WhiteElo "2514"]
[BlackElo "2345"]

1.e4 c5 2.Nf3 g6 3.d4 cxd4 4.Nxd4 Bg7 5.Nc3 Nc6 6.Be3 Nf6 7.Bc4 O-O 8.Bb3 a5
9.O-O Nxd4 10.Bxd4 d6 11.Qe2 Bg4 12.f3 Bd7 13.Rad1 a4 14.Bc4 Bc6 15.a3 Nd7
16.Qf2 Bxd4 17.Qxd4 Qa5 18.Nd5 e5 19.Ne7+ Kg7 20.Qxd6 Rfd8 21.Nxc6 bxc6 22.Qxc6 Rac8
23.Qb5 Qa7+ 24.Kh1 Rc5 25.Qb4 Rb8 26.Rxd7 Rxb4 27.Rxa7 Rbxc4 28.b4 Rc7 29.Rxc7 Rxc7
30.b5 Rxc2 31.Rb1 Rc7 32.Kg1 Kf6 33.b6 Rb7 34.Kf2 Ke6 35.Ke3 Kd7 36.Kd3 Kc8
37.Kc4 Rd7 38.Kb5 Rd3 39.Ka6 Kb8 40.Rc1  1-0

[Event "10th Open"]
[Site "Dubai UAE"]
[Date "2008.04.14"]
[Round "9"]
[White "Zhou Weiqi"]
[Black "Negi,P"]
[Result "1/2-1/2"]
[WhiteElo "2560"]
[BlackElo "2514"]

1.d4 Nf6 2.c4 g6 3.Nf3 Bg7 4.g3 d5 5.cxd5 Nxd5 6.Bg2 Nb6 7.Nc3 Nc6 8.e3 O-O
9.O-O Re8 10.Re1 a5 11.d5 Bxc3 12.bxc3 Qxd5 13.Nd4 Qc4 14.Nxc6 bxc6 15.Qd4 Rb8
16.Bf1 Qa4 17.c4 Ba6 18.c5 Bxf1 19.cxb6 Bb5 20.bxc7 Rbc8 21.Bb2 Qxd4 22.Bxd4 Rxc7
23.a4 Bd3 24.Bb6 Rb7 25.Bxa5 Reb8 26.Bc3 Rb1 27.Rexb1 Rxb1+ 28.Rxb1 Bxb1
29.Kf1 Bc2 30.a5 Bd3+ 31.Ke1 c5 32.Kd2 Bf1 33.Bb2 Kf8 34.Ba3 Ke8 35.g4 c4
36.g5 Kd7 37.f4 e6 38.Kc3 Kc6 39.Kb4 c3 40.Kxc3 Kd5 41.Kb4 Bd3 42.Bb2 Bf1
43.Be5 Kc6 44.Bb8 Kb7 45.Be5 Kc6 46.Bc3 Kd5 47.Bd4 Kc6 48.Bb6 Be2 49.e4 Bd3
50.Kc3 Bxe4 51.Kd4 Bg2 52.Ke5 Kd7 53.a6 Bf1 54.a7 Bg2 55.Kf6 Ke8 56.Bc5 Ba8
57.Kg7 Bg2 58.Kxh7 Be4 59.Kg7 Bg2 60.Kf6 Bh1 61.Bd6 Bg2 62.Bb8 Bh1 63.h4 Bg2
64.Ke5 Kd7 65.Kd4 Ba8 66.Ke3 Bb7 67.Kf2 Bd5 68.Kg3 Be4 69.Kg4 Kc8 70.Bd6 Kb7
71.Bc5 Kc8 72.Bd4 Kb7 73.Kg3 Kc8 74.Kf2 Kd7 75.Bc3 Bh1 76.Ke3 Ba8 77.Kd4 Bh1
78.Bb4 Bg2 79.Ke5 Bh1 80.Kf6 Ke8 81.Be1  1/2-1/2

[Event "Kaupthing Open"]
[Site "Differdange LUX"]
[Date "2008.05.11"]
[Round "2"]
[White "Negi,P"]
[Black "Nezar,M"]
[Result "1-0"]
[WhiteElo "2514"]
[BlackElo "2397"]

1.e4 e5 2.Nf3 Nf6 3.Nxe5 d6 4.Nf3 Nxe4 5.d4 d5 6.Bd3 Be7 7.O-O O-O 8.c4 Nf6
9.Nc3 c6 10.Ne5 Be6 11.c5 Nbd7 12.f4 Nxe5 13.fxe5 Ne8 14.b4 g6 15.b5 Ng7
16.a4 f6 17.Bf4 Nf5 18.Bxf5 Bxf5 19.Bh6 Re8 20.Rxf5 gxf5 21.Qf3 Bf8 22.Bxf8 Rxf8
23.e6 Qa5 24.Rb1 Qc7 25.Ne2 Rae8 26.Qxf5 Kh8 27.Nf4 Qg7 28.g3 Qg5 29.Qd3 Re7
30.a5 Rg8 31.Kf2 Qh6 32.h4 Qf8 33.a6 Qc8 34.axb7 Rxb7 35.Qf5 Rf8 36.Re1 Qe8
37.bxc6 Qxc6 38.e7 Rb2+ 39.Kg1 Rg8 40.Nh5 a5 41.e8=Q  1-0

[Event "Kaupthing Open"]
[Site "Differdange LUX"]
[Date "2008.05.11"]
[Round "3"]
[White "Siebrecht,S"]
[Black "Negi,P"]
[Result "1/2-1/2"]
[WhiteElo "2490"]
[BlackElo "2514"]

1.Nf3 d5 2.d4 Nf6 3.c4 e6 4.Nc3 Be7 5.Bg5 h6 6.Bh4 O-O 7.e3 b6 8.Bxf6 Bxf6
9.cxd5 exd5 10.Bd3 Be6 11.O-O c5 12.Rc1 Nc6 13.Ne2 Qd6 14.Bb1 g6 15.dxc5 bxc5
16.Nf4 Bxb2 17.Nxe6 Qxe6 18.Rxc5 Ne7 19.Nd4 Qf6 20.Qd2  1/2-1/2

[Event "Kaupthing Open"]
[Site "Differdange LUX"]
[Date "2008.05.13"]
[Round "5"]
[White "Johannesson,I"]
[Black "Negi,P"]
[Result "0-1"]
[WhiteElo "2344"]
[BlackElo "2514"]

1.Nf3 d5 2.d4 Nf6 3.c4 e6 4.g3 dxc4 5.Qa4+ c6 6.Qxc4 b5 7.Qd3 Bb7 8.Bg2 Nbd7
9.O-O a6 10.Be3 Nd5 11.Nbd2 c5 12.dxc5 Nxe3 13.Qxe3 Bxc5 14.Qd3 Nf6 15.Qxd8+ Rxd8
16.Nb3 Bb6 17.Ne5 Bxg2 18.Kxg2 Rd5 19.Nd3 a5 20.a4 Ke7 21.axb5 Rxb5 22.Nd2 e5
23.Ra4 Rc8 24.Rc1 Rxc1 25.Nxc1 Rxb2 26.Nc4 Rc2 27.Nxb6 Rxc1 28.Rxa5 Kd6 29.Ra7 Rc6
30.Na4 Nd7 31.Rb7 e4 32.Rb3 Rc2 33.Rb2 Rc1 34.Rd2+ Ke6 35.f3 f5 36.fxe4 fxe4
37.Rd4 Nf6 38.h3 Ke5 39.Rb4 Nd5 40.Rb7 Kd4 41.Rd7 Rc6 42.e3+ Ke5 43.Rxg7 Nxe3+
44.Kf2 Nf5 45.Rxh7 Rc2+ 46.Ke1 e3 47.Rb7 Rc1+ 48.Ke2 Ke4 49.Nc5+ Rxc5 50.g4 Nd4+
51.Kd1 e2+ 52.Kd2 Rc2+  0-1

[Event "Kaupthing Open"]
[Site "Differdange LUX"]
[Date "2008.05.14"]
[Round "6"]
[White "Negi,P"]
[Black "Stefansson,H"]
[Result "1-0"]
[WhiteElo "2514"]
[BlackElo "2583"]

1.e4 e5 2.Nf3 Nc6 3.Bb5 a6 4.Ba4 Nf6 5.O-O Be7 6.Re1 b5 7.Bb3 d6 8.c3 O-O
9.d4 Bg4 10.d5 Na5 11.Bc2 c6 12.h3 Bc8 13.dxc6 Qc7 14.Nbd2 Qxc6 15.a4 Bb7
16.Nf1 Nc4 17.Ng3 g6 18.Bd3 Rfc8 19.Qe2 bxa4 20.Bg5 Nb6 21.Nh4 Kf8 22.Nhf5 gxf5
23.Nxf5 Bd8 24.Qf3 Nbd7 25.Bc2 Nc5 26.Bh6+ Ke8 27.Rad1 Be7 28.Bg5 Ncd7 29.Qg3 a3
30.Bh4 Bf8 31.bxa3 Qxc3 32.Bd3 Rc6 33.Re3 Qa5 34.Rf3 d5 35.exd5 Qxd5 36.Bc2 Rxc2
37.Rxd5 Nxd5 38.Nd6+  1-0

[Event "International Open"]
[Site "Philadelphia USA"]
[Date "2008.06.26"]
[Round "1"]
[White "Negi,P"]
[Black "Cheng,Bi"]
[Result "1-0"]
[WhiteElo "2514"]
[BlackElo "2294"]

1.e4 c5 2.Nf3 d6 3.d4 cxd4 4.Nxd4 Nf6 5.Nc3 a6 6.Bg5 e6 7.f4 Nbd7 8.Qe2 h6
9.Bh4 Be7 10.O-O-O O-O 11.g4 Nxe4 12.Bxe7 Nxc3 13.Bxd8 Nxe2+ 14.Nxe2 Rxd8
15.Rxd6 Re8 16.Bg2 e5 17.f5 Nf6 18.h3 e4 19.Ng3 b5 20.Rxf6 gxf6 21.Nxe4 Rxe4
22.Bxe4 Ra7 23.Rd1 Kg7 24.Rd8 Rc7 25.Rd6 Re7 26.Bd5 h5 27.g5 Re1+ 28.Kd2 Rf1
29.gxf6+ Kh6 30.Bxf7 Bxf5 31.Bb3 Bg6 32.f7  1-0

[Event "International Open"]
[Site "Philadelphia USA"]
[Date "2008.06.27"]
[Round "3"]
[White "Negi,P"]
[Black "Ippolito,D"]
[Result "1-0"]
[WhiteElo "2514"]
[BlackElo "2425"]

1.e4 e5 2.Nf3 Nf6 3.Nxe5 d6 4.Nf3 Nxe4 5.d4 d5 6.Bd3 Bd6 7.O-O O-O 8.c4 c6
9.cxd5 cxd5 10.Nc3 Nxc3 11.bxc3 Bg4 12.Rb1 Nd7 13.h3 Bh5 14.Rxb7 Nb6 15.Ba6 Qe8
16.Bd2 Qc6 17.Ne5 Qxb7 18.Bxb7 Bxd1 19.Bxa8 Be2 20.Re1 Bc4 21.Bc6 Rc8 22.a4 Bxe5
23.Rxe5 Bb3 24.Bb7 Rd8 25.a5 Nc4 26.Bg5 Rb8 27.Rxd5 Nxa5 28.Rxa5 Rxb7 29.Rc5 f6
30.Bf4 Rd7 31.Kf1 Kf7 32.Ke2 g5 33.Bg3 h5 34.Kd3 Bd5 35.f3 Be6 36.c4 h4 37.Bb8 Rb7
38.Rc7+ Rxc7 39.Bxc7 Ke7 40.d5 Bf5+ 41.Kd4 Bc8 42.c5 f5 43.c6 g4 44.Be5 gxh3
45.gxh3  1-0

[Event "International Open"]
[Site "Philadelphia USA"]
[Date "2008.06.28"]
[Round "5"]
[White "Negi,P"]
[Black "Laxman,R"]
[Result "1-0"]
[WhiteElo "2514"]
[BlackElo "2488"]

1.e4 e5 2.Nf3 Nc6 3.Bb5 a6 4.Ba4 Nf6 5.O-O Be7 6.Re1 b5 7.Bb3 O-O 8.c3 d6
9.d4 Bg4 10.d5 Na5 11.Bc2 c6 12.h3 Bc8 13.dxc6 Qc7 14.Nbd2 Qxc6 15.a4 Be6
16.Ng5 Bd7 17.Nf1 Qc7 18.Ne3 h6 19.Nf3 Nc4 20.Nf5 Bxf5 21.exf5 Rfe8 22.Nh2 Nb6
23.axb5 axb5 24.Rxa8 Rxa8 25.Ng4 Ra1 26.Qe2 Nxg4 27.hxg4 Qc6 28.Bd3 b4 29.Be3 Rxe1+
30.Qxe1 bxc3 31.Bxb6 Qxb6 32.Qxc3 Bh4 33.Qc8+ Kh7 34.f6+  1-0

[Event "International Open"]
[Site "Philadelphia USA"]
[Date "2008.06.29"]
[Round "7"]
[White "Negi,P"]
[Black "Becerra Rivero,J"]
[Result "1-0"]
[WhiteElo "2514"]
[BlackElo "2575"]

1.e4 e5 2.Nf3 Nc6 3.Bb5 a6 4.Ba4 Nf6 5.O-O Nxe4 6.d4 b5 7.Bb3 d5 8.dxe5 Be6
9.Nbd2 Nc5 10.c3 d4 11.Bxe6 Nxe6 12.cxd4 Ncxd4 13.a4 Bb4 14.axb5 Nxb5 15.Qb3 Bxd2
16.Bxd2 O-O 17.Be3 c5 18.Qc4 Qc7 19.Rfc1 Rfc8 20.Qe4 c4 21.Nd2 c3 22.bxc3 Nxc3
23.Qd3 Qxe5 24.Nc4 Nf4 25.Nxe5 Nxd3 26.Nxd3 Ne2+  1-0

[Event "World Open"]
[Site "Philadelphia USA"]
[Date "2008.07.04"]
[Round "4"]
[White "Ludwig,Dan"]
[Black "Negi,P"]
[Result "0-1"]
[WhiteElo "2394"]
[BlackElo "2529"]

1.e4 c5 2.Nf3 d6 3.d4 cxd4 4.Nxd4 Nf6 5.Nc3 a6 6.Be3 e5 7.Nb3 Be7 8.f3 Be6
9.Qd2 O-O 10.O-O-O Nbd7 11.g4 Qc7 12.Qf2 b5 13.g5 Nh5 14.Kb1 Rfb8 15.Nd5 Bxd5
16.exd5 a5 17.Nd2 a4 18.Ne4 b4 19.Bd3 Ra5 20.Qh4 g6 21.Ng3 Nf4 22.Bxf4 exf4
23.Ne4 Rxd5 24.Qxf4 a3 25.h4 Rf5 26.Qh2 h5 27.gxh6 axb2 28.Ng5 Ra8 29.h7+ Kh8
30.Bxf5 Qc4 31.Nxf7+ Qxf7 32.c4 bxc3  0-1

[Event "World Open"]
[Site "Philadelphia USA"]
[Date "2008.07.05"]
[Round "6"]
[White "Mikhalevski,V"]
[Black "Negi,P"]
[Result "0-1"]
[WhiteElo "2592"]
[BlackElo "2529"]

1.d4 d5 2.c4 e6 3.Nf3 Nf6 4.g3 dxc4 5.Bg2 c6 6.O-O b5 7.a4 Bb7 8.Ne5 a6 9.Nc3 Nd5
10.e4 Nxc3 11.bxc3 Nd7 12.f4 Qc7 13.Be3 Be7 14.f5 Nxe5 15.dxe5 Qxe5 16.Bd4 Bc5
17.Kh1 Bxd4 18.cxd4 Qc7 19.Qg4 f6 20.fxe6 O-O 21.d5 Rad8 22.Rad1 c3 23.e5 f5
24.Qh4 Rxd5 25.Bxd5 cxd5 26.axb5 c2 27.e7 Re8 28.Rc1 d4+ 29.Kg1 Qxe5 30.Rxc2 Qd5
31.bxa6 Qh1+ 32.Kf2 Qg2+ 33.Ke1 Qxc2 34.axb7 d3  0-1

[Event "World Open"]
[Site "Philadelphia USA"]
[Date "2008.07.06"]
[Round "8"]
[White "Negi,P"]
[Black "Shabalov,A"]
[Result "1-0"]
[WhiteElo "2529"]
[BlackElo "2611"]

1.e4 e6 2.d4 d5 3.Nc3 Nf6 4.e5 Nfd7 5.f4 c5 6.Nf3 Nc6 7.Ne2 Be7 8.c3 f6 9.Be3 O-O
10.g3 cxd4 11.Nexd4 Qb6 12.Qe2 fxe5 13.Nxe6 Nc5 14.Nxf8 e4 15.Qd2 Kxf8 16.Nd4 Bg4
17.b4 Na4 18.f5 Ne5 19.Qc2 Kg8 20.Qxa4 Bf3 21.Rg1 Ng4 22.Bf4 Bf6 23.Qb5 Rc8
24.Qxb6 axb6 25.Kd2  1-0

[Event "TCh-ESP Hon Gp2"]
[Site "Sabadell ESP"]
[Date "2008.09.06"]
[Round "4"]
[White "Negi,P"]
[Black "Jerez Perez,A"]
[Result "1/2-1/2"]
[WhiteElo "2529"]
[BlackElo "2410"]

1.e4 c5 2.Nf3 d6 3.d4 Nf6 4.Nc3 cxd4 5.Nxd4 Nc6 6.Bg5 e6 7.Qd2 Be7 8.O-O-O Nxd4
9.Qxd4 O-O 10.f4 h6 11.h4 hxg5 12.hxg5 Ng4 13.Be2 e5 14.Qg1 exf4 15.Bxg4 Bxg4
16.Qh2 f5 17.g6 Bh4 18.Rdf1 Bh5 19.Qxh4 Qxh4 20.Rxh4 Bxg6 21.Rhxf4 fxe4 22.Rxf8+ Rxf8
23.Rxf8+ Kxf8 24.Nb5 Ke7 25.Nxa7 e3 26.Kd1 Be4 27.g3 Bf3+ 28.Ke1 Ke6 29.a4 Kd5
30.Nb5 Kc5 31.c3 Kc4 32.Nxd6+ Kb3 33.Nf5  1/2-1/2

[Event "ch-Commonwealth"]
[Site "Nagpur IND"]
[Date "2008.09.28"]
[Round "1"]
[White "Mitali,M"]
[Black "Negi,P"]
[Result "0-1"]
[WhiteElo "1957"]
[BlackElo "2529"]

1.e4 e5 2.Nf3 Nc6 3.d4 exd4 4.c3 dxc3 5.Nxc3 d6 6.Bc4 Be7 7.Qb3 Be6 8.Bxe6 fxe6
9.Qxe6 Qd7 10.Ng5 Nh6 11.Be3 O-O-O 12.f3 Bf6 13.O-O-O Rde8 14.Qxd7+ Kxd7
15.Nd5 Bxg5 16.Bxg5 Nf7 17.Bd2 Ne7 18.Bc3 Rhg8 19.Rhe1 Nxd5 20.Rxd5 Kc6 21.Kc2 g5
22.Rf5 Nd8 23.g3 Ref8 24.g4 Ne6 25.Kd3  0-1

[Event "ch-Commonwealth"]
[Site "Nagpur IND"]
[Date "2008.09.29"]
[Round "2"]
[White "Negi,P"]
[Black "Mohammad,J"]
[Result "1-0"]
[WhiteElo "2529"]
[BlackElo "2264"]

1.e4 e5 2.Nf3 Nc6 3.Bb5 a6 4.Ba4 Nf6 5.O-O b5 6.Bb3 Bc5 7.a4 Rb8 8.c3 d6
9.d4 Bb6 10.axb5 axb5 11.Qd3 O-O 12.Bg5 h6 13.Bxf6 Qxf6 14.Qxb5 Ne7 15.dxe5 Qf4
16.Kh1 c6 17.Qd3 dxe5 18.Qd6 Rb7 19.Ra4 Bxf2 20.Rb4 Rxb4 21.cxb4 Qe3 22.Nc3 Ba6
23.Ra1 Nc8 24.Qxc6 Be2 25.Nxe5 Bh5 26.Rf1 Qd2 27.g4 Qxb2 28.gxh5 Qxb3 29.Rxf2 Qxb4
30.Nxf7 Nd6 31.Qxd6 Qxd6 32.Nxd6 Rxf2 33.Nd5 Kf8 34.e5 Rd2 35.Nf4 Ke7 36.Nf5+ Kf8
37.e6 Rf2 38.Ng6+ Kg8 39.Nd6 Re2 40.e7  1-0

[Event "ch-Commonwealth"]
[Site "Nagpur IND"]
[Date "2008.09.30"]
[Round "4"]
[White "Negi,P"]
[Black "Rahman,Tai"]
[Result "1-0"]
[WhiteElo "2529"]
[BlackElo "2307"]

1.e4 c5 2.Nf3 Nc6 3.Nc3 e5 4.Bc4 Be7 5.d3 d6 6.O-O Nf6 7.Ng5 O-O 8.f4 Bg4
9.Qe1 exf4 10.Bxf4 Nd4 11.Qd2 h6 12.Nf3 Nxf3+ 13.gxf3 Be6 14.Kh1 Kh7 15.Qe2 Qd7
16.Bd2 a6 17.a4 Rae8 18.Bxe6 fxe6 19.f4 Bd8 20.Rg1 Qf7 21.Raf1 Rg8 22.f5 exf5
23.Rxf5 Re5 24.Rf3 d5 25.Qg2 dxe4 26.Nxe4 Qe8 27.Nd6 Qh5 28.Rh3 Re2 29.Rxh5 Rxg2
30.Rxh6+ gxh6 31.Rxg2 Rxg2 32.Kxg2 b6 33.Nf7 Bc7 34.Nxh6 Kg6 35.h3 Be5 36.b3 Nd5
37.Ng4 Bf4 38.Bxf4 Nxf4+ 39.Kf3 Kf5 40.Ne3+  1-0

[Event "ch-Commonwealth"]
[Site "Nagpur IND"]
[Date "2008.10.01"]
[Round "5"]
[White "Suvrajit,S"]
[Black "Negi,P"]
[Result "1-0"]
[WhiteElo "2367"]
[BlackElo "2529"]

1.d4 Nf6 2.Nf3 g6 3.Nc3 d5 4.Bf4 Bg7 5.e3 O-O 6.Be2 Bg4 7.O-O c6 8.h3 Bxf3
9.Bxf3 Nbd7 10.Rb1 Qb6 11.b4 Rfe8 12.Na4 Qa6 13.Nc5 Nxc5 14.bxc5 b6 15.Be2 Qa5
16.Bc7 Nd7 17.Qe1 Qxe1 18.Rfxe1 bxc5 19.Ba6 cxd4 20.Bb7 Rac8 21.Bxc8 Rxc8
22.Rb7 dxe3 23.Rxe3 e6 24.Rf3 Bd4 25.Bd6 Nf6 26.c3 Bxc3 27.Rxc3 Ne4 28.Be5 f6
29.Ra3 fxe5 30.Raxa7 c5 31.Rg7+ Kf8 32.Rxh7 Kg8 33.a4 c4 34.a5 Nd6 35.Rag7+ Kf8
36.Rc7 Rxc7 37.Rxc7 Ne8 38.Rc8 Ke7 39.Rxe8+ Kxe8 40.a6  1-0